[Event "Asia-chT rapid 5th"]
[Site "Ashkhabad"]
[Date "2017.09.25"]
[Round "3.2"]
[White "Arpijuntarangkoon, Jaradpong"]
[Black "Gopal, Geetha Narayanan"]
[Result "0-1"]
[WhiteElo "1957"]
[BlackElo "2589"]
[PlyCount "94"]
[EventDate "2017.09.25"]
[EventType "team-swiss (rapid)"]
[EventRounds "5"]
[EventCountry "TKM"]
[SourceTitle "EXT 2018"]
[Source "ChessBase"]
[SourceDate "2017.10.13"]
[SourceVersion "1"]
[SourceVersionDate "2017.10.13"]
[SourceQuality "1"]
[WhiteTeam "Thailand"]
[BlackTeam "India"]
[WhiteTeamCountry "THA"]
[BlackTeamCountry "IND"]

1. c4 c5 2. g3 g6 3. Bg2 Bg7 4. Nc3 Nc6 5. e4 e6 6. Nge2 Nge7 7. d3 d6 8. Be3 Nd4 9. 0-0 0-0 10. Rb1 Nec6 11. a3 Rb8 12. b4 b6 13. f4 Bb7 14. Qd2 f5 15. b5 Nxe2+ 16. Nxe2 Nd4 17. Nc3 Qd7 18. a4 Rbe8 19. Rfe1 h6 20. h3 Kh7 21. Kh2 Rf7 22. Rf1 Qd8 23. Rf2 Ref8 24. Rbf1 Qd7 25. Qc1 Ra8 26. Ra2 a6 27. Rff2 Rff8 28. Rfb2 axb5 29. Bxd4 cxd4 30. Nxb5 fxe4 31. dxe4 e5 32. fxe5 dxe5 33. Qd1 Rf7 34. Rf2 Bc6 35. Rab2 Qe7 36. Qb3 Raf8 37. Rxf7 Rxf7 38. c5 bxc5 39. a5 Rf8 40. Na3 Ra8 41. Qb6 Be8 42. Nc4 Bf7 43. Nd6 c4 44. Rf2 Bg8 45. Nf5 gxf5 46. exf5 Rf8 47. Qg6+ Kh8 0-1

[Event "Asian-ch Indoor Games qual Men Rapid"]
[Site "Bangkok"]
[Date "2017.05.20"]
[Round "4.1"]
[White "Saeheng, Boonsueb"]
[Black "Arpijuntarangkoon, Jaradpong"]
[Result "0-1"]
[WhiteElo "2180"]
[BlackElo "2025"]
[PlyCount "84"]
[EventDate "2017.05.20"]
[EventType "swiss (rapid)"]
[EventRounds "9"]
[EventCountry "THA"]
[SourceTitle "EXT 2024"]
[Source "ChessBase"]
[SourceDate "2023.10.10"]
[SourceVersion "1"]
[SourceVersionDate "2023.10.10"]
[SourceQuality "1"]

1. c4 e5 2. Nc3 Nf6 3. g3 Bb4 4. Bg2 0-0 5. Qb3 Qe7 6. a3 Bxc3 7. Qxc3 Nc6 8. d3 h6 9. e3 d6 10. b4 Bf5 11. b5 Nd8 12. a4 c6 13. e4 Be6 14. Ne2 Rc8 15. 0-0 Qd7 16. Be3 c5 17. Rfb1 Bh3 18. Bh1 Qg4 19. f3 Qg6 20. Qe1 Ne6 21. Qf2 Nh5 22. Bg2 Bxg2 23. Qxg2 f5 24. Nc3 f4 25. Nd5 Qf7 26. Bf2 fxg3 27. hxg3 Kh7 28. Ra3 Ng5 29. Be3 Nxf3+ 30. Kh1 Ng5 31. Bxg5 hxg5 32. Rg1 Kg6 33. Raa1 Rh8 34. Qh2 Nf4 35. gxf4 Rxh2+ 36. Kxh2 Rh8+ 37. Kg2 exf4 38. Raf1 Qe6 39. Kf2 Rh4 40. Ke2 Qe5 41. Rf2 Qb2+ 42. Kf1 Qc1+ 0-1

[Event "THA pre olympic qual"]
[Site "Bangkok"]
[Date "2016.05.22"]
[Round "9"]
[White "Arpijuntarangkoon, Jaradpong"]
[Black "Wongsawan, Thoetsak"]
[Result "0-1"]
[WhiteElo "1964"]
[BlackElo "1845"]
[PlyCount "70"]
[EventDate "2016.05.14"]
[EventType "swiss"]
[EventRounds "9"]
[EventCountry "THA"]
[SourceTitle "CBM 172 Extra"]
[Source "ChessBase"]
[SourceDate "2016.06.21"]
[SourceVersion "1"]
[SourceVersionDate "2016.06.21"]
[SourceQuality "1"]

1. e4 c5 2. Nf3 d6 3. d4 cxd4 4. Nxd4 Nf6 5. Nc3 a6 6. Be2 e6 7. 0-0 Be7 8. a4 b6 9. Be3 Bb7 10. f3 Nbd7 11. Qe1 0-0 12. Kh1 Rc8 13. Qg3 Kh8 14. Qh3 Ne5 15. g4 Nc4 16. Bxc4 Rxc4 17. g5 Nd7 18. g6 Nf6 19. gxf7 Bc8 20. Rg1 Rxf7 21. Qf1 Rxc3 22. bxc3 Nxe4 23. Qd3 Nc5 24. Qe2 Bb7 25. Rg3 Qf8 26. Rf1 e5 27. Nb3 Ne4 28. Rh3 Bc8 29. Rg3 Nxg3+ 30. hxg3 Bb7 31. Kg2 g5 32. g4 Qc8 33. Kg3 Qxc3 34. Bxb6 Qb4 35. a5 Qf4+ 0-1

[Event "THA pre olympic qual"]
[Site "Bangkok"]
[Date "2016.05.21"]
[Round "8"]
[White "Kasetchol, Sathit"]
[Black "Arpijuntarangkoon, Jaradpong"]
[Result "1-0"]
[WhiteElo "2045"]
[BlackElo "1964"]
[PlyCount "81"]
[EventDate "2016.05.14"]
[EventType "swiss"]
[EventRounds "9"]
[EventCountry "THA"]
[SourceTitle "CBM 172 Extra"]
[Source "ChessBase"]
[SourceDate "2016.06.21"]
[SourceVersion "1"]
[SourceVersionDate "2016.06.21"]
[SourceQuality "1"]

1. d4 Nf6 2. e3 e6 3. Nf3 b6 4. Bd3 Bb7 5. Nbd2 d5 6. 0-0 Nbd7 7. a4 a6 8. c3 Bd6 9. Qe2 0-0 10. e4 dxe4 11. Nxe4 Nxe4 12. Bxe4 Bxe4 13. Qxe4 Nf6 14. Qe2 h6 15. Re1 Ra7 16. Nd2 c5 17. dxc5 Bxc5 18. Nb3 Bd6 19. Nd4 Qa8 20. Nf3 Rd7 21. Be3 Qb7 22. Bd4 Be7 23. Ne5 Rc7 24. Qe3 Bc5 25. Rad1 Rfc8 26. h3 b5 27. a5 b4 28. Bxc5 Rxc5 29. Rd8+ Rxd8 30. Qxc5 bxc3 31. bxc3 Nd5 32. c4 Rc8 33. Qd4 Qb4 34. Rf1 Rc5 35. Qd1 f6 36. cxd5 fxe5 37. dxe6 Qxa5 38. Qd7 Qc7 39. Qe8+ Kh7 40. e7 Rc1 41. g3 1-0

[Event "THA-chT"]
[Site "Bangkok"]
[Date "2015.12.04"]
[Round "2.1"]
[White "Arpijuntarangkoon, Jaradpong"]
[Black "Sakdavisarak, Komgrib"]
[Result "1-0"]
[WhiteElo "2015"]
[BlackElo "1619"]
[PlyCount "79"]
[EventDate "2015.12.04"]
[EventType "team-swiss"]
[EventRounds "9"]
[EventCountry "THA"]
[SourceTitle "EXT 2017"]
[Source "ChessBase"]
[SourceDate "2016.10.25"]
[SourceVersion "1"]
[SourceVersionDate "2016.10.25"]
[SourceQuality "1"]
[WhiteTeam "Bangapi Thursday Club"]
[BlackTeam "Aquaman"]
[WhiteTeamCountry "THA"]
[BlackTeamCountry "THA"]

1. e4 c5 2. Nf3 Nc6 3. d4 cxd4 4. Nxd4 g6 5. Be3 Bg7 6. Nc3 Nf6 7. Bc4 a6 8. Bb3 Na5 9. e5 Nxb3 10. exf6 Bxf6 11. axb3 0-0 12. 0-0 d6 13. Nd5 Bg7 14. Qd2 e6 15. Nc3 Bd7 16. Bh6 Qe7 17. Bxg7 Kxg7 18. Rae1 Qd8 19. Ne4 Qc7 20. Nxd6 Rad8 21. Qc3 Qxc3 22. bxc3 h5 23. Nxb7 Rc8 24. c4 Rc7 25. Nd6 Rd8 26. Ra1 e5 27. Ne2 Rc6 28. Ne4 f5 29. N4c3 Be6 30. Rfd1 Rb8 31. Nd5 Kf7 32. Ra5 g5 33. f3 f4 34. Nec3 Bc8 35. Re1 Re6 36. Ne4 Kg6 37. Nc5 Re8 38. Nd3 Kf5 39. Nxe5 g4 40. Nc7 1-0

[Event "THA-ch"]
[Site "Bangkok"]
[Date "2015.11.14"]
[Round "7"]
[White "Sajjapornthep, Jarunpol"]
[Black "Arpijuntarangkoon, Jaradpong"]
[Result "1-0"]
[WhiteElo "1820"]
[BlackElo "2020"]
[PlyCount "88"]
[EventDate "2015.11.06"]
[EventType "swiss"]
[EventRounds "9"]
[EventCountry "THA"]
[SourceTitle "CBM 169 Extra"]
[Source "ChessBase"]
[SourceDate "2015.12.18"]
[SourceVersion "1"]
[SourceVersionDate "2015.12.18"]
[SourceQuality "1"]

1. e4 d5 2. Nc3 d4 3. Nce2 e5 4. Nf3 Bd6 5. Ng3 Ne7 6. c3 c5 7. b4 Nbc6 8. Bb5 0-0 9. bxc5 Bxc5 10. cxd4 Nxd4 11. Rb1 Bg4 12. Be2 Nxe2 13. Qxe2 Ng6 14. d3 Nh4 15. 0-0 Bxf3 16. gxf3 Qf6 17. Rxb7 Nxf3+ 18. Kh1 Nd4 19. Qg4 Qa6 20. Nh5 g6 21. Qg5 Qxb7 22. Nf6+ Kg7 23. Qxe5 Ne6 24. Bh6+ Kh8 25. Nd7+ f6 26. Qxe6 Rae8 27. Nxc5 Rxe6 28. Nxb7 Rc8 29. Be3 Ra6 30. Nc5 Rxa2 31. Rb1 Rc2 32. d4 a5 33. Ra1 Ra8 34. d5 Kg7 35. Ra4 Kf7 36. d6 Rb2 37. Kg2 Rb4 38. Ra3 a4 39. f4 Rd8 40. e5 fxe5 41. fxe5 Ra8 42. Kf3 Ke8 43. Bg5 Rc4 44. d7+ Kf7 1-0

[Event "THA-ch"]
[Site "Bangkok"]
[Date "2015.11.06"]
[Round "1"]
[White "Charoenkwan, Pat"]
[Black "Arpijuntarangkoon, Jaradpong"]
[Result "0-1"]
[WhiteElo "1485"]
[BlackElo "2020"]
[PlyCount "62"]
[EventDate "2015.11.06"]
[EventType "swiss"]
[EventRounds "9"]
[EventCountry "THA"]
[SourceTitle "CBM 169 Extra"]
[Source "ChessBase"]
[SourceDate "2015.12.18"]
[SourceVersion "1"]
[SourceVersionDate "2015.12.18"]
[SourceQuality "1"]

1. e4 Nf6 2. Nc3 e5 3. Nf3 Nc6 4. Bc4 Bc5 5. 0-0 d6 6. h3 Be6 7. Bb3 h6 8. d3 a6 9. Be3 Qd7 10. Bxc5 dxc5 11. Nd5 Qd6 12. Ne3 0-0-0 13. Nc4 Qe7 14. Qe2 g5 15. c3 g4 16. hxg4 Bxg4 17. Rad1 h5 18. Ne3 Rdg8 19. Nd5 Qd6 20. d4 cxd4 21. cxd4 Nxd5 22. dxe5 Nxe5 23. Nxe5 Bxe2 24. Rxd5 Qf6 25. Re1 Bf3 26. Nxf3 Qxf3 27. g3 Rxg3+ 28. fxg3 Qxg3+ 29. Kf1 Qf3+ 30. Kg1 Rg8+ 31. Kh2 Qg2# 0-1